000
00509nam a2200145Ia 4500
008
151213s9999 xx 000 0 und d
100
_a
ঝিনুক জোবাইদা।
245
_a
সস্তব্ধ নীরের গভীরতা
_c
ঝিনুক জোবাইদা।
260
_a
ঢাকা
_b
কবিতা ক্লাব।
_c
2001
300
_a
8817 p.
650
_a
Bangla
650
_a
কবিতা।
700
_a
ঝিনুক জোবাইদা।
999
_c
4602
_d
4602